THE IDEA OF PERFECTION (Record no. 166333)
[ view plain ]
| 000 -LEADER | |
|---|---|
| fixed length control field | 00339nam a22001337a 4500 |
| 010 ## - LCCN (DPL NO) | |
| LC control number | B-215005 |
| 082 ## - DEWEY DECIMAL CLASSIFICATION NUMBER | |
| Edition number | 1991 |
| Classification number | N |
| 100 ## - MAIN ENTRY--PERSONAL NAME | |
| Personal name | GRENVILLE, KATE |
| Dates associated with a name | 1991 |
| 245 ## - TITLE STATEMENT | |
| Title | THE IDEA OF PERFECTION |
| Medium | ENGLISH |
| 250 ## - EDITION STATEMENT | |
| Edition statement | 1991 |
| 260 ## - PUBLICATION, DISTRIBUTION, ETC. (IMPRINT) | |
| Place of publication, distribution, etc | NEW DELHI |
| Date of publication, distribution, etc | 1991 |
| Name of publisher, distributor, etc | THE PENGUIN GROUP |
| 300 ## - PHYSICAL DESCRIPTION | |
| Extent | 401 pages; |
| Dimensions | 20; |
| 942 ## - ADDED ENTRY ELEMENTS (KOHA) | |
| Source of classification or shelving scheme | Dewey Decimal Classification |
| Item type | English Books |
| Edition | 1991 |
| Classification part | N |
| Call number prefix | N-GRE |
| Withdrawn status | Lost status | Not for loan | Home library | Current library | Date acquired | Cost, normal purchase price | Full call number | Barcode | Cost, replacement price | Koha item type |
|---|---|---|---|---|---|---|---|---|---|---|
| Bawana | Bawana | 20/07/2019 | 395.00 | N | B-215005 | 395.00 | English Books |
